000 00354nam a2200145Ia 4500
008 090122s9999 xx 000 0 und d
082 _b5428
_a891.4681
100 _aकिणीकर
_bरॉय
245 _aराञ
600 _aकिणीकर
630 _aराञ
700 _aकिणीकर
730 _aराञ
942 _cBOOK
999 _c29506
_d29506